| 000 | 00548nam a2200133Ia 4500 | ||
|---|---|---|---|
| 005 | 20260209120154.0 | ||
| 008 | 260209s9999||||xx |||||||||||||| ||und|| | ||
| 100 | _aGowri Tharanath | ||
| 245 | 4 | _aThe jurisprudential dimensions of plastic pollution : advancing legal obligations under sustainable development goals | |
| 260 |
_aBangaloreBangalore _bNLSIU, Bangalore _c2024 - 2025 |
||
| 300 | _a39 p. ; 25 cm. | ||
| 700 | _aProf. Dr.Sairam Bhat - SupervisorProf. Dr.Sairam Bhat - Supervisor | ||
| 856 | _uhttps://dans.nls.ac.in/handle/123456789/2533 | ||
| 999 |
_c217822 _d217822 |
||